El arte del azulejo en Portugal (Record no. 372)

MARC details
000 -CABECERA
campo de control de longitud fija 00756nam a2200205 a 4500
001 - NÚMERO DE CONTROL
campo de control BRCA_437
005 - FECHA Y HORA DE LA ÚLTIMA TRANSACCIÓN
campo de control 20190320203017.0
008 - DATOS DE LONGITUD FIJA--INFORMACIÓN GENERAL
campo de control de longitud fija 050905s2000----mx-a---###---#000-0#spa-#
050 #4 - SIGNATURA TOPOGRÁFICA DE LA BIBLIOTECA DEL CONGRESO
Número de clasificación NK4670.7.P6
Número de documento/Ítem .A78 2000
245 10 - MENCIÓN DE TÍTULO
Título El arte del azulejo en Portugal
Mención de responsabilidad, etc. traducción Léon Acosta y Richard Rogers.
260 ## - PUBLICACIÓN, DISTRIBUCIÓN, ETC.
Lugar de publicación, distribución, etc. [México]
Nombre del editor, distribuidor, etc. Instituto Camôes ; Museo Nacional del Azulejo
Fecha de publicación, distribución, etc. [2000]
300 ## - DESCRIPCIÓN FÍSICA
Extensión [23] p.
Otras características físicas il. a color
Dimensiones 20 cm.
500 ## - NOTA GENERAL
Nota general Catálogo de la exposición realizada en el Instituto Camôes (Portugal), 2000
650 14 - PUNTO DE ACCESO ADICIONAL DE MATERIA--TÉRMINO DE MATERIA
Término de materia o nombre geográfico como elemento de entrada Azulejos
Subdivisión general Historia
Subdivisión geográfica Portugal
9 (RLIN) 1495
650 14 - PUNTO DE ACCESO ADICIONAL DE MATERIA--TÉRMINO DE MATERIA
Término de materia o nombre geográfico como elemento de entrada Cerámica
Subdivisión cronológica Siglo XVI-XX
Subdivisión geográfica Portugal
9 (RLIN) 1496
650 14 - PUNTO DE ACCESO ADICIONAL DE MATERIA--TÉRMINO DE MATERIA
Término de materia o nombre geográfico como elemento de entrada Arquitectura
Subdivisión geográfica Portugal
9 (RLIN) 1497
700 1# - PUNTO DE ACCESO ADICIONAL--NOMBRE DE PERSONA
Nombre de persona Acosta, León
9 (RLIN) 1498
700 1# - PUNTO DE ACCESO ADICIONAL--NOMBRE DE PERSONA
Nombre de persona Rogers, Richard
9 (RLIN) 1499
942 ## - ELEMENTOS DE PUNTO DE ACCESO ADICIONAL (KOHA)
Fuente del sistema de clasificación o colocación Library of Congress Classification
Tipo de ítem Koha Libros
Holdings
Estado de retiro Estado de pérdida Estado dañado No para préstamo Localización permanente Ubicación/localización actual Fecha de adquisición Total de préstamos Signatura topográfica completa Código de barras Fecha visto por última vez Precio válido a partir de Tipo de ítem Koha Código de colección
El ejemplar forma parte de la colección y puede ser consultado según las políticas vigentes.       Biblioteca del Museo Franz Mayer (Rogerio Casas-Alatriste) Biblioteca del Museo Franz Mayer (Rogerio Casas-Alatriste) 25/06/2008   NK4670.7.P6 .A78 2000 00736 22/03/2019 22/03/2019 Libros  
El ejemplar forma parte de la colección y puede ser consultado según las políticas vigentes.       Biblioteca del Museo Franz Mayer (Rogerio Casas-Alatriste) Biblioteca del Museo Franz Mayer (Rogerio Casas-Alatriste) 07/10/2010   NK4670.7.P6 .A78 2000 00737 22/03/2019 22/03/2019 Libros Acervo General